Sports Quiz

Random Sports or Football Quiz
Score 0/32 Timer 06:00
0 Plays Today
Team Running Back % Correct
Minnesota VikingsAdrian Peterson
91.6%
Tennessee TitansDerrick Henry
90.7%
Cincinnati BengalsRudi Johnson
89%
Los Angeles ChargersLaDainian Tomlinson
85.9%
San Francisco 49ersFrank Gore
82.5%
Baltimore RavensRay Rice
80.9%
Dallas CowboysDeMarco Murray
80.6%
Los Angeles RamsTodd Gurley
80.4%
Indianapolis ColtsEdgerrin James
79.6%
Detroit LionsBarry Sanders
79.1%
Miami DolphinsJay Ajayi
77.9%
Arizona CardinalsChris Wells
76.5%
Atlanta FalconsMichael Turner
75.1%
Seattle SeahawksThomas Rawls
74.8%
Chicago BearsMatt Forte
74.5%
Green Bay PackersAhman Green
74.3%
Team Running Back % Correct
Pittsburgh SteelersLe'Veon Bell
73.3%
New York JetsIsaiah Crowell
70.5%
Buffalo BillsFred Jackson
70.3%
Carolina PanthersDeAngelo Williams
68.6%
Kansas City ChiefsJamaal Charles
67.4%
Jacksonville JaguarsLeonard Fournette
65.7%
Tampa Bay BuccaneersDoug Martin
61.1%
Denver BroncosKnowshon Moreno
52.1%
New York GiantsAhmad Bradshaw
50.3%
Houston TexansArian Foster
49.9%
Philadelphia EaglesLeSean McCoy
41.9%
Cleveland BrownsJerome Harrison
32.1%
Washington Football TeamAlfred Morris
25.4%
Oakland RaidersNapoleon Kaufman
13.7%
New England PatriotsJonas Gray
8.6%
New Orleans SaintsRueben Mayes
4.1%
Remove Ads.
Support Sporcle.
Get the best of Sporcle when you Go Orange. This ad-free experience offers more features, more stats, and more fun while also helping to support Sporcle. Thank you for becoming a member.

You're not logged in!

Compare scores with friends on all Sporcle quizzes.
OR
Log In

Sporcle TV

Today on Sporcle TV


Watch our educational content, quiz creation guides, and fun videos on Sporcle TV.

Show Comments

Extras

Top Quizzes Today


Score Distribution

Paid Content

Your Account Isn't Verified!

In order to create a playlist on Sporcle, you need to verify the email address you used during registration. Go to your Sporcle Settings to finish the process.

Report this User

Report this user for behavior that violates our Community Guidelines.

Details: